Central Library OPAC University of Rajshahi

مثنوی بحر المحبت ;; Masnavi Bahr al-Mahbat / (Record no. 85516)

MARC details
000 -LEADER
fixed length control field 00604nam a2200205 4500
001 - CONTROL NUMBER
control field 85516
003 - CONTROL NUMBER IDENTIFIER
rucl marc code BD-RjUL
005 - DATE AND TIME OF LATEST TRANSACTION
control field 20250812111301.0
008 - FIXED-LENGTH DATA ELEMENTS--GENERAL INFORMATION
fixed length control field 250812t19221982ii ||||| |||| 00| 0 urd d
035 ## - SYSTEM CONTROL NUMBER
System control number (BD-RjUL) 85516
040 ## - CATALOGING SOURCE
Original cataloging agency BD-RjUL
Language of cataloging eng
Transcribing agency BD-RjUL
041 ## - LANGUAGE CODE
Language code of text/sound track or separate title urd
082 ## - DEWEY DECIMAL CLASSIFICATION NUMBER
Edition number 23
Classification number 891.4391
Author mark and year DAB 1982
245 ## - TITLE STATEMENT
Title مثنوی بحر المحبت ;; Masnavi Bahr al-Mahbat /
Statement of responsibility, etc. غلام ہمدانی مصحفی ;; Ghulam Hamadani Mushafi
250 ## - EDITION STATEMENT
Edition statement 2nd.ed.
260 ## - PUBLICATION, DISTRIBUTION, ETC. (IMPRINT)
Place of publication, distribution, etc. Delhi :
Name of publisher, distributor, etc. Maktubai Jamiah,
Date of publication, distribution, etc. 1982
300 ## - PHYSICAL DESCRIPTION
Pagination 71 p. ;
Size 17 cm
650 ## - SUBJECT ADDED ENTRY--TOPICAL TERM
Topical term or geographic name as entry element urdu literature
942 ## - ADDED ENTRY ELEMENTS (KOHA)
Source of classification or shelving scheme Dewey Decimal Classification
Koha item type Books
Holdings
Lost status Source of classification or shelving scheme Damaged status Not for loan Collection code Permanent Location Current Location Shelving location Date acquired Source of acquisition Total Checkouts Full call number Date last seen Copy number Koha item type
  Dewey Decimal Classification   Not For Loan Non-fiction Central Library, University of Rajshahi Central Library, University of Rajshahi Reading Room 13/01/1985 asiatic throght tulip calcatta   U 891.4391 DAB 1982 12/08/2025 C-1 Books